000 00290nam a2200109Ia 4500
008 200302s9999 xx 000 0 und d
100 _aAnanda K. & Other
245 _aEarly Indian Architecture Palaces
260 _bMunshiram Manoharlal Publishers Pvt. Ltd.
260 _c1975
300 _a17 P.,
999 _c381
_d381